000
00247nam a22000977a 4500
020
_a
978-0137909100
040
_c
IESE
082
_a
005.72
_b
DET
245
_a
the Hidden Language of Computer Hardware and Software CODE
942
_2
ddc
_c
BK
_e
2nd Ed
999
_c
615936
_d
615936